No.1 Caledonian Railway, Glasgow Central Station, Contract no.6 (Record no. 116781)

MARC details
000 -LEADER
fixed length control field 00650cam a22001815a 4500
001 - CONTROL NUMBER
control field E142281
008 - FIXED-LENGTH DATA ELEMENTS--GENERAL INFORMATION
fixed length control field 080201s1878 xxk eng u
035 ## - SYSTEM CONTROL NUMBER
System control number (Sirsi) u142281
041 0# - LANGUAGE CODE
Language code of text/sound track or separate title eng
245 00 - TITLE STATEMENT
Title No.1 Caledonian Railway, Glasgow Central Station, Contract no.6
Remainder of title schedule of the estimated quantities of excavator, mason and brick works proposed to be executed in erecting station buildings, corner of Gordon & Hope Streets, schedule A
Medium [manuscript]
260 ## - PUBLICATION, DISTRIBUTION, ETC.
Date of publication, distribution, etc. March 1878
300 ## - PHYSICAL DESCRIPTION
Extent 1v.
Dimensions 34cm.
340 ## - PHYSICAL MEDIUM
Material base and configuration Printed
351 ## - ORGANIZATION AND ARRANGEMENT OF MATERIALS
Hierarchical level Single item
651 4# - SUBJECT ADDED ENTRY--GEOGRAPHIC NAME
Geographic name Glasgow
690 ## - LOCAL SUBJECT ADDED ENTRY--TOPICAL TERM (OCLC, RLIN)
Topical term or geographic name as entry element BUILT ENVIRONMENT-QUANTITY SURVEYING
942 ## - ADDED ENTRY ELEMENTS (KOHA)
Suppress in OPAC 0
Holdings
Withdrawn status Lost status Source of classification or shelving scheme Damaged status Not for loan Home library Current library Shelving location Date acquired Total Checkouts Full call number Barcode Date last seen Copy number Price effective from Koha item type
    Dewey Decimal Classification     Archives Archives Archive copy 01/02/2008   ARCHIVE 50013171 06/08/2019 1 06/08/2019 Book